000
00312nam a2200121Ia 4500
008
220204s9999 xx 000 0 und d
082
_a
658:63
_b
DUF
100
_a
Duft, Kenneth D
245
0
_a
Principles of management in agribusiness
260
_a
Virginia
_b
Reston
_c
1979
650
_a
Agribusiness
942
_c
BK
999
_c
37383
_d
37383